Central Library OPAC University of Rajshahi

The practical basis of Christian belief : (Record no. 31336)

MARC details
000 -LEADER
fixed length control field 00780cam a22002651 4500
001 - CONTROL NUMBER
control field 31336
003 - CONTROL NUMBER IDENTIFIER
rucl marc code BD-RjUL
005 - DATE AND TIME OF LATEST TRANSACTION
control field 20211209051704.0
008 - FIXED-LENGTH DATA ELEMENTS--GENERAL INFORMATION
fixed length control field 140415t1923 enk 000 0 eng d
035 ## - SYSTEM CONTROL NUMBER
System control number (BD-RjUL)31423
System control number (OCoLC)1036726
040 ## - CATALOGING SOURCE
Original cataloging agency DLC
Transcribing agency OCB
Modifying agency DLC
-- BD-RjUL
Language of cataloging eng
041 ## - LANGUAGE CODE
Language code of text/sound track or separate title eng
082 00 - DEWEY DECIMAL CLASSIFICATION NUMBER
Classification number 230
Author mark and year GAP 1923
100 1# - MAIN ENTRY--PERSONAL NAME
Personal name Gardner, Percy,
Dates associated with a name 1846-1937.
9 (RLIN) 95366
245 14 - TITLE STATEMENT
Title The practical basis of Christian belief :
Remainder of title an essay in reconstruction /
260 ## - PUBLICATION, DISTRIBUTION, ETC. (IMPRINT)
Place of publication, distribution, etc. London :
Name of publisher, distributor, etc. Williams & Norgate,
Date of publication, distribution, etc. 1923.
300 ## - PHYSICAL DESCRIPTION
Pagination xxiv, 288 p. ;
Size 22 cm.
650 #0 - SUBJECT ADDED ENTRY--TOPICAL TERM
Topical term or geographic name as entry element Christianity
General subdivision Philosophy.
9 (RLIN) 266
Topical term or geographic name as entry element Philosophy and religion.
9 (RLIN) 2766
Topical term or geographic name as entry element Theology, Doctrinal.
9 (RLIN) 95367
942 ## - ADDED ENTRY ELEMENTS (KOHA)
Source of classification or shelving scheme Dewey Decimal Classification
Koha item type Books
Holdings
Lost status Source of classification or shelving scheme Damaged status Not for loan Collection code Permanent Location Current Location Shelving location Date acquired Source of acquisition Cost, normal purchase price Total Checkouts Full call number Date last seen Copy number Koha item type
  Dewey Decimal Classification   Not For Loan Non-fiction Central Library, University of Rajshahi Central Library, University of Rajshahi Reading Room 08/11/1956 B.H.Blackkwell 0.70   230 GAP 1923 15/04/2014 C-1 Books